| 000 | 00649nam a2200241Ia 4500 | ||
|---|---|---|---|
| 003 | OSt | ||
| 005 | 20240712093205.0 | ||
| 008 | 210210b1971 xxu||||| |||| 00| 0 eng d | ||
| 020 | _a0 04 950009 0 | ||
| 040 | _cAL | ||
| 041 | _aeng | ||
| 082 |
_a950.3 _223 _bVINH |
||
| 100 |
_aHarold M Vinacke _970719 |
||
| 245 | _aHistory of the far east in modern times Ed 6 | ||
| 250 | _a6 | ||
| 260 |
_aLondon. _bGeorge Allen & Unwin Ltd. _c1971 |
||
| 300 | _axviii,877 | ||
| 650 |
_aChina, Japan, Korea, Philippines, Indonesia _970720 |
||
| 690 |
_aAsian History _970721 |
||
| 700 |
_aVINACKE (Harold M) _970722 |
||
| 906 | _a031145 | ||
| 942 |
_2ddc _cBK |
||
| 999 |
_c82216 _d82216 |
||